Poistný trh SR diplomová práca

Saved in:
Bibliographic Details
Main Author: Kováčiková, Patrícia
Corporate Author: Fakulta podnikového manažmentu EU. Katedra podnikových financií
Other Authors: Hrvoľová, Božena
Format: Book
Language:Slovak
Published: Bratislava 2012
Tags: Add Tag
No Tags, Be the first to tag this record!

MARC

LEADER 00000nbm a2200000 4500
001 0152543
005 20161109102044.3
041 0 |a slo 
044 |a SK 
245 1 0 |a Poistný trh SR  |b diplomová práca  |c Patrícia Kováčiková ; školiteľ: Božena Hrvoľová 
264 1 |a Bratislava  |c 2012 
300 |a 60 s. 
100 1 |a Kováčiková, Patrícia 
700 1 |a Hrvoľová, Božena 
710 2 |a Fakulta podnikového manažmentu EU. Katedra podnikových financií